Central Library OPAC University of Rajshahi

The frontiers of public administration / (Record no. 59224)

MARC details
000 -LEADER
fixed length control field 00728nam a2200253 a 4500
001 - CONTROL NUMBER
control field 59224
003 - CONTROL NUMBER IDENTIFIER
rucl marc code BD-RjUL
005 - DATE AND TIME OF LATEST TRANSACTION
control field 20211209080716.0
008 - FIXED-LENGTH DATA ELEMENTS--GENERAL INFORMATION
fixed length control field 161222s 2006ii b 001 0 eng
035 ## - SYSTEM CONTROL NUMBER
System control number MITb10500019
System control number (BD-RjUL) 59348
System control number GLIS00500019
040 ## - CATALOGING SOURCE
Original cataloging agency DLC
Transcribing agency DLC
Modifying agency m.c.
-- BD-RjUL
Language of cataloging eng
041 ## - LANGUAGE CODE
Language code of text/sound track or separate title eng
082 ## - DEWEY DECIMAL CLASSIFICATION NUMBER
Edition number 23
Classification number 351.54
Author mark and year ARF 2006
100 1# - MAIN ENTRY--PERSONAL NAME
Personal name Arora, R. K.
9 (RLIN) 176152
245 14 - TITLE STATEMENT
Title The frontiers of public administration /
Statement of responsibility, etc. R. K .Arora
260 ## - PUBLICATION, DISTRIBUTION, ETC. (IMPRINT)
Place of publication, distribution, etc. New Delhi :
Name of publisher, distributor, etc. Rajat Publications,
Date of publication, distribution, etc. 2006.
300 ## - PHYSICAL DESCRIPTION
Pagination v, 426 p. ;
Size 23 cm.
500 ## - GENERAL NOTE
General note include index.
650 #0 - SUBJECT ADDED ENTRY--TOPICAL TERM
Topical term or geographic name as entry element Public administration.
9 (RLIN) 174881
651 #0 - SUBJECT ADDED ENTRY--GEOGRAPHIC NAME
Geographic name India
General subdivision Politics and government.
9 (RLIN) 171719
942 ## - ADDED ENTRY ELEMENTS (KOHA)
Source of classification or shelving scheme Dewey Decimal Classification
Koha item type Books
Holdings
Lost status Source of classification or shelving scheme Damaged status Not for loan Collection code Permanent Location Current Location Shelving location Date acquired Source of acquisition Cost, normal purchase price Total Checkouts Full call number Date last seen Copy number Koha item type
  Dewey Decimal Classification   Not For Loan Non-fiction Central Library, University of Rajshahi Central Library, University of Rajshahi Reading Room 28/09/2010 Paragon Enterprises Dhaka 1100.00   351.54 ARF 2006 22/12/2016 C-1 Books